Statistiche per Medagliere Pallavolo ai Giochi Olimpici

Clicka qui per fare il quiz!

Statistiche generali

  • Questo quiz è stato fatto 49 volte
  • Il punteggio medio è 12 su 16

Statistiche sulle risposte

Medaglie complessiveMedaglie d'OroMedaglie d'ArgentoMedaglie di BronzoRappresentativa olimpica% Corretto
6033Italia
100%
11542Brasile
98%
11434Stati Uniti
98%
6132Russia
95%
6312Cina
91%
2002Argentina
89%
9333Giappone
86%
3102Polonia
84%
2011Serbia
77%
2110Olanda
75%
5302Cuba
73%
12741Unione Sovietica
68%
2011Bulgaria
59%
2101Jugoslavia
55%
2011Cecoslovacchia
45%
2020Germania Est
45%

Distribuzione punteggi

Percentile per numero di risposta

Percentuale di utenti per punteggio

I tuoi punteggi nel tempo

Non hai fatto questo quiz